Биоорганическая химия. Химические подходы к механизму действия ферментов: пер. с англ.

Bibliographic Details
Main Author: Дюга Г.
Other Authors: Пенни К.
Language:Russian
Published: Москва, Мир, 1983
Subjects:
Format: Book
KOHA link:https://koha.lib.tpu.ru/cgi-bin/koha/opac-detail.pl?biblionumber=290199

MARC

LEADER 00000nam0a2200000 4500
001 290199
005 20231102000248.0
035 |a (RuTPU)RU\TPU\book\314747 
090 |a 290199 
100 |a 20150404d1983 k y0rusy50 ca 
101 1 |a rus  |c eng 
102 |a RU 
105 |a a z 001zy 
200 1 |a Биоорганическая химия. Химические подходы к механизму действия ферментов  |e пер. с англ.  |f Г. Дюга, К. Пенни 
210 |a Москва  |c Мир  |d 1983 
215 |a 512 с.  |c ил. 
320 |a Библиогр.: с. 487-504 
320 |a Предметный указатель: с. 505-510 
606 1 |a Биоорганическая химия  |x (биология)  |2 stltpush  |3 (RuTPU)RU\TPU\subj\64570  |9 81418 
610 1 |a аминокислоты 
610 1 |a фосфаты 
610 1 |a ферменты 
610 1 |a ферментные системы 
610 1 |a моделирование 
610 1 |a металлы 
610 1 |a ионы 
610 1 |a коферменты 
675 |a 577.1  |v 4 
700 1 |a Дюга  |b Г. 
701 1 |a Пенни  |b К. 
801 1 |a RU  |b 63413507  |c 20150404 
801 2 |a RU  |b 63413507  |c 20170711  |g RCR 
942 |c BK